Linear algebra with applications / (Record no. 615182)
[ view plain ]
| 000 -LEADER | |
|---|---|
| fixed length control field | 00673cam a2200229 a 4500 |
| 020 ## - INTERNATIONAL STANDARD BOOK NUMBER | |
| International Standard Book Number | 9780136009290 |
| 020 ## - INTERNATIONAL STANDARD BOOK NUMBER | |
| International Standard Book Number | 0136009298 |
| 082 00 - DEWEY DECIMAL CLASSIFICATION NUMBER | |
| Classification number | 512.5 |
| Author Mark | LEO |
| 100 1# - MAIN ENTRY--PERSONAL NAME | |
| Personal name | Leon, Steven J. |
| 245 10 - TITLE STATEMENT | |
| Title | Linear algebra with applications / |
| Statement of responsibility, etc. | Steven J. Leon. |
| 250 ## - EDITION STATEMENT | |
| Edition statement | 8th ed. |
| 260 ## - PUBLICATION, DISTRIBUTION, ETC. | |
| Place of publication, distribution, etc. | Upper Saddle River, NJ : |
| Name of publisher, distributor, etc. | Pearson/Prentice Hall, |
| Date of publication, distribution, etc. | c2010. |
| 300 ## - PHYSICAL DESCRIPTION | |
| Extent | xiv, 490 p. : |
| Other physical details | ill. (some col.) ; |
| Dimensions | 24 cm. |
| 563 ## - BINDING INFORMATION | |
| Binding note | HB |
| 650 #0 - SUBJECT ADDED ENTRY--TOPICAL TERM | |
| Topical term or geographic name entry element | Algebras, Linear |
| 942 ## - ADDED ENTRY ELEMENTS (KOHA) | |
| Source of classification or shelving scheme | |
| Koha item type | Book |
| 650 #0 - SUBJECT ADDED ENTRY--TOPICAL TERM | |
| -- | 10720 |
| 650 #0 - SUBJECT ADDED ENTRY--TOPICAL TERM | |
| -- | 8511 |
| Withdrawn status | Lost status | Source of classification or shelving scheme | Damaged status | Not for loan | Permanent Location | Current Location | Date acquired | Total Checkouts | Full call number | Barcode | Date last seen | Price effective from | Koha item type |
|---|---|---|---|---|---|---|---|---|---|---|---|---|---|
| Central Library (CL) | Central Library (CL) | 10/15/2025 | 512.5 LEO | LC-494 | 10/15/2025 | 10/15/2025 | Book |
